5HLuxD.jpg

KING HENRY VIII SENIOR AND PRIMARY SCHOOL LIBRARY OPAC

THE PICTURE ATLAS (Record no. 4364)

000 -LEADER
fixed length control field 00337nam a22001217a 4500
008 - FIXED-LENGTH DATA ELEMENTS--GENERAL INFORMATION
fixed length control field 250210b ||||| |||| 00| 0 eng d
020 ## - INTERNATIONAL STANDARD BOOK NUMBER
International Standard Book Number 9781408884867
082 ## - DEWEY DECIMAL CLASSIFICATION NUMBER
Classification number 912
100 ## - MAIN ENTRY--PERSONAL NAME
Personal name HOLLAND,SIMON
Relator term AUTHOR
245 ## - TITLE STATEMENT
Title THE PICTURE ATLAS
Remainder of title AN INCREDIBLE JOURNEY
260 ## - PUBLICATION, DISTRIBUTION, ETC.
Place of publication, distribution, etc. 50 BEDFORD SQUARE LONDON WC1B 3DP UK
Name of publisher, distributor, etc. BLOOMSBURY
942 ## - ADDED ENTRY ELEMENTS (KOHA)
Source of classification or shelving scheme
Holdings
Withdrawn status Lost status Source of classification or shelving scheme Damaged status Not for loan Collection code Permanent Location Current Location Shelving location Date acquired Cost, normal purchase price Total Checkouts Full call number Barcode Date last seen Date last checked out Cost, replacement price Price effective from Koha item type Public note
          Non-Fiction KH8 Primary School Library KH8 Primary School Library Non Fiction 2025-02-10 78.26 4 912 HOL KHPL000006052 2026-04-16 2026-04-09 88.26 2025-02-10 Books - Non Ficton KH8 PRIMARY LIBRARY

Powered By KH8 IT Dept